<?xml version="1.0" encoding="UTF-8"?>
<collection xmlns="http://www.loc.gov/MARC21/slim">
  <record>
    <leader>00000nam  2200000   4500</leader>
    <controlfield tag="001">INLIS000000000048146</controlfield>
    <controlfield tag="005">20201019100816</controlfield>
    <datafield tag="035" ind1="#" ind2="#">
      <subfield code="a">0010-061600000000002</subfield>
    </datafield>
    <controlfield tag="008">201019################g##########0#ind##</controlfield>
    <datafield tag="020" ind1="#" ind2="#">
      <subfield code="a">979-404-354-0</subfield>
    </datafield>
    <datafield tag="082" ind1="#" ind2="#">
      <subfield code="a">320.959 8</subfield>
    </datafield>
    <datafield tag="100" ind1="#" ind2="#">
      <subfield code="a">Padmadinata, Tjetje Hidajat</subfield>
    </datafield>
    <datafield tag="245" ind1="1" ind2="#">
      <subfield code="a">Renungan perjuangan :</subfield>
      <subfield code="b">manusia Indonesia di panggung politik /</subfield>
      <subfield code="c">Tjetje Hidajat Padmadinata</subfield>
    </datafield>
    <datafield tag="260" ind1="#" ind2="#">
      <subfield code="a">Bandung :</subfield>
      <subfield code="b">Angkasa,</subfield>
      <subfield code="c">1988</subfield>
    </datafield>
    <datafield tag="300" ind1="#" ind2="#">
      <subfield code="a">xvi,89 Hlm :</subfield>
      <subfield code="b">Ilus ;</subfield>
      <subfield code="c">14,5x21 cm.</subfield>
    </datafield>
    <datafield tag="850" ind1="#" ind2="#">
      <subfield code="a">BPAP</subfield>
    </datafield>
    <datafield tag="084" ind1="#" ind2="#">
      <subfield code="a">320.959 8 PAD r</subfield>
    </datafield>
    <datafield tag="650" ind1="#" ind2="4">
      <subfield code="a">Perjuangan politik</subfield>
    </datafield>
    <datafield tag="990" ind1="#" ind2="#">
      <subfield code="a">55.306 pro.93</subfield>
    </datafield>
    <datafield tag="990" ind1="#" ind2="#">
      <subfield code="a">35.497 pro.90</subfield>
    </datafield>
  </record>
</collection>
